Mistrzostwa Świata 2010 - Statystyki

Ogólne statystyki
  • Ten quiz został rozwiązany 6 877 razy
  • Średni wynik to 25 z 32
Statystyki odpowiedzi
Grupa Reprezentacja % Poprawnych
H Hiszpania
97%
G Brazylia
96%
D Niemcy
96%
B Argentyna
95%
A Francja
94%
G Portugalia
94%
F Włochy
93%
C Anglia
91%
C Stany Zjednoczone
91%
E Japonia
90%
A RPA
90%
E Holandia
89%
A Meksyk
89%
A Urugwaj
85%
D Australia
84%
B Korea Południowa
83%
H Chile
81%
B Grecja
76%
H Szwajcaria
75%
E Dania
73%
D Ghana
69%
B Nigeria
68%
F Nowa Zelandia
65%
D Serbia
65%
F Słowacja
65%
G Korea Północna
63%
E Kamerun
62%
C Algieria
61%
F Paragwaj
61%
C Słowenia
58%
G Wybrzeże Kości Słoniowej
57%
H Honduras
50%
Nie znaleziono quizów pasujących do podanych kryteriów
Rozkład punktacji
Procent ludzi z każdym wynikiem
Percentyl według liczby udzielonych odpowiedzi
Twoja historia wyników
Nie rozwiązałeś tego quizu